[Event "COL-chT"]
[Site "Santa Marta"]
[Date "2022.11.05"]
[Round "7.3"]
[White "Granados, Ricardo Luis"]
[Black "Zawady, Julio Nadin"]
[Result "1-0"]
[WhiteElo "1682"]
[BlackElo "1569"]
[PlyCount "59"]
[EventDate "2022.11.02"]
[EventType "team-swiss"]
[EventRounds "7"]
[EventCountry "COL"]
[SourceTitle "CBM 211 Extra"]
[Source "ChessBase"]
[SourceDate "2023.01.31"]
[SourceVersion "1"]
[SourceVersionDate "2023.01.31"]
[SourceQuality "1"]
[WhiteTeam "Cordoba II"]
[BlackTeam "Magdalena VII"]
[WhiteTeamCountry "COL"]
[BlackTeamCountry "COL"]

1. c4 c5 2. g3 Nc6 3. Bg2 g6 4. e3 Bg7 5. Ne2 e6 6. d4 cxd4 7. exd4 d5 8. Be3 dxc4 9. Qa4 Qa5+ 10. Qxa5 Nxa5 11. Na3 Rb8 12. Nb5 a6 13. Nd6+ Ke7 14. Bf4 Ra8 15. Rc1 Nf6 16. Nxc4 Nc6 17. Bd6+ Kd8 18. Nb6 Ra7 19. Bc5 Bf8 20. Nxc8 Bxc5 21. Nxa7 Bxa7 22. Bxc6 bxc6 23. Rxc6 Kd7 24. Rxa6 Bb8 25. 0-0 Bc7 26. Rc1 Nd5 27. Ra7 Kd6 28. a3 f5 29. Nc3 Bb6 30. Nb5# 1-0

[Event "COL-chT"]
[Site "Santa Marta"]
[Date "2022.11.04"]
[Round "5.3"]
[White "De la Valle, Jose"]
[Black "Granados, Ricardo Luis"]
[Result "1/2-1/2"]
[WhiteElo "1878"]
[BlackElo "1682"]
[PlyCount "92"]
[EventDate "2022.11.02"]
[EventType "team-swiss"]
[EventRounds "7"]
[EventCountry "COL"]
[SourceTitle "CBM 211 Extra"]
[Source "ChessBase"]
[SourceDate "2023.01.31"]
[SourceVersion "1"]
[SourceVersionDate "2023.01.31"]
[SourceQuality "1"]
[WhiteTeam "Magdalena IV"]
[BlackTeam "Cordoba II"]
[WhiteTeamCountry "COL"]
[BlackTeamCountry "COL"]

1. d4 Nf6 2. Bg5 b6 3. Nd2 Bb7 4. f3 d5 5. e3 Nbd7 6. Bd3 e5 7. Nh3 Bd6 8. 0-0 h6 9. Bh4 c5 10. c3 exd4 11. exd4 0-0 12. Kh1 Qc7 13. Qe1 Rae8 14. Qf2 Nh5 15. g4 Nf4 16. Nxf4 Bxf4 17. Bg3 Nf6 18. Rae1 g6 19. Kg2 Bc8 20. Bb5 Bd7 21. Bxd7 Nxd7 22. Nb3 c4 23. Nc1 Nf6 24. Ne2 Bd6 25. Bxd6 Qxd6 26. Qg3 Qd7 27. Nc1 Kg7 28. Re5 Ng8 29. Rfe1 f6 30. Rxe8 Rxe8 31. Rxe8 Qxe8 32. Qc7+ Qe7 33. Qxe7+ Nxe7 34. Ne2 g5 35. Ng3 Kg6 36. Nf1 f5 37. Ne3 f4 38. Nc2 Nc6 39. Na3 a6 40. Kf2 b5 41. Nc2 Kf6 42. Ke2 Ke6 43. Kd2 Kd6 44. Ne1 a5 45. Ng2 b4 46. Kc2 a4 1/2-1/2

[Event "COL-chT"]
[Site "Santa Marta"]
[Date "2022.11.03"]
[Round "3.3"]
[White "Granados, Ricardo Luis"]
[Black "Ojeda Mujica, Gelmer Geovany"]
[Result "0-1"]
[WhiteElo "1682"]
[BlackElo "1640"]
[PlyCount "78"]
[EventDate "2022.11.02"]
[EventType "team-swiss"]
[EventRounds "7"]
[EventCountry "COL"]
[SourceTitle "CBM 211 Extra"]
[Source "ChessBase"]
[SourceDate "2023.01.31"]
[SourceVersion "1"]
[SourceVersionDate "2023.01.31"]
[SourceQuality "1"]
[WhiteTeam "Cordoba II"]
[BlackTeam "Arauca"]
[WhiteTeamCountry "COL"]
[BlackTeamCountry "COL"]

1. c4 c6 2. e4 d5 3. exd5 cxd5 4. d4 Nf6 5. Nc3 Nc6 6. Nf3 Bg4 7. Bf4 e6 8. c5 Bxf3 9. gxf3 Be7 10. Rg1 Nh5 11. Be3 Bf6 12. Nb5 Be7 13. Rc1 a6 14. Nc3 g6 15. Bh6 Bf6 16. Be3 Ng7 17. Bh3 0-0 18. a3 b6 19. b4 bxc5 20. bxc5 Qa5 21. Kf1 Qxa3 22. Ne2 Rfb8 23. Kg2 Rb3 24. Re1 Qb4 25. Bd2 Qb7 26. f4 a5 27. Bc3 a4 28. Rb1 Rb8 29. Ra1 a3 30. Qd2 Ra8 31. Qc2 h5 32. Red1 Ne8 33. Nc1 Rb5 34. Kg1 Qb8 35. Qd2 Nc7 36. Bf1 Rb7 37. Ne2 Nb5 38. Rdb1 Nxc3 39. Rxb7 Nxe2+ 0-1

[Event "Pan American-ch"]
[Site "Cartagena"]
[Date "2012.07.07"]
[Round "8"]
[White "Granados, Ricardo Luis"]
[Black "Garzon, Laura Viviana"]
[Result "1-0"]
[WhiteElo "1649"]
[BlackElo "1671"]
[PlyCount "113"]
[EventDate "2012.07.04"]
[EventType "swiss"]
[EventRounds "9"]
[EventCountry "COL"]
[SourceTitle "CBM 149 Extra"]
[Source "ChessBase"]
[SourceDate "2012.08.24"]
[SourceVersion "1"]
[SourceVersionDate "2012.08.24"]
[SourceQuality "1"]

1. Nf3 Nc6 2. g3 e5 3. d3 d5 4. Bg2 Nf6 5. Bg5 Be7 6. Nbd2 h6 7. Bxf6 Bxf6 8. 0-0 Be6 9. c3 Qd7 10. Nb3 b6 11. Re1 0-0 12. Rc1 g6 13. Nbd2 Kg7 14. Nf1 Rh8 15. a3 h5 16. h4 Rag8 17. Qc2 Kf8 18. Qd2 Qe7 19. N1h2 g5 20. hxg5 Bxg5 21. Nxg5 Rxg5 22. Nf3 Rg6 23. c4 d4 24. Nh4 Rg4 25. Bxc6 Rxh4 26. Qb4 Rg4 27. Qxe7+ Kxe7 28. Kg2 h4 29. Rh1 Rhg8 30. Rcg1 hxg3 31. Kf1 Bd7 32. Bf3 R4g5 33. Rxg3 Rxg3 34. fxg3 Rxg3 35. Rh5 f6 36. Rh7+ Kd6 37. b4 c6 38. c5+ Kc7 39. b5 Kd8 40. bxc6 Be6 41. cxb6 axb6 42. Rb7 Rg8 43. Rxb6 Bc8 44. a4 Rg7 45. a5 Ra7 46. Rb5 Kc7 47. Kg2 Be6 48. Rb7+ Rxb7 49. cxb7 Kb8 50. Kg3 Bd7 51. Kh4 Bb5 52. Kh5 Ba6 53. Kg6 Bxb7 54. Bxb7 Kxb7 55. Kxf6 Ka6 56. Kxe5 Kxa5 57. Kxd4 1-0

[Event "Pan American-ch"]
[Site "Cartagena"]
[Date "2012.07.06"]
[Round "5"]
[White "Granados, Ricardo Luis"]
[Black "Paez, Adolfo"]
[Result "1-0"]
[WhiteElo "1649"]
[BlackElo "1782"]
[PlyCount "47"]
[EventDate "2012.07.04"]
[EventType "swiss"]
[EventRounds "9"]
[EventCountry "COL"]
[SourceTitle "CBM 149 Extra"]
[Source "ChessBase"]
[SourceDate "2012.08.24"]
[SourceVersion "1"]
[SourceVersionDate "2012.08.24"]
[SourceQuality "1"]

1. Nf3 d5 2. c4 c6 3. b3 Nf6 4. Bb2 e6 5. d3 Bb4+ 6. Nbd2 Nbd7 7. e3 Qc7 8. cxd5 cxd5 9. Rc1 Qd6 10. Be2 0-0 11. h3 a6 12. 0-0 b5 13. Rc2 Bb7 14. Qa1 Rac8 15. Rfc1 Ba3 16. Bxa3 Qxa3 17. Rxc8 Rxc8 18. Rxc8+ Bxc8 19. Qc3 Qf8 20. Qc7 h6 21. Nd4 Qc5 22. Nc6 Qf8 23. Qxc8 Qxc8 24. Ne7+ 1-0

[Event "Pan American-ch"]
[Site "Cartagena"]
[Date "2012.07.05"]
[Round "4"]
[White "Duran Barraza, Mateo Andres"]
[Black "Granados, Ricardo Luis"]
[Result "1-0"]
[WhiteElo "1860"]
[BlackElo "1649"]
[PlyCount "127"]
[EventDate "2012.07.04"]
[EventType "swiss"]
[EventRounds "9"]
[EventCountry "COL"]
[SourceTitle "CBM 149 Extra"]
[Source "ChessBase"]
[SourceDate "2012.08.24"]
[SourceVersion "1"]
[SourceVersionDate "2012.08.24"]
[SourceQuality "1"]

1. e4 e6 2. d4 d5 3. Nc3 Bb4 4. e5 c5 5. a3 Bxc3+ 6. bxc3 Qa5 7. Bd2 Ne7 8. Nf3 c4 9. Be2 0-0 10. 0-0 Ng6 11. h4 h6 12. Qc1 Kh7 13. h5 Ne7 14. g3 Nd7 15. Kg2 Nc6 16. g4 Ne7 17. Rh1 Rh8 18. g5 Nf5 19. g6+ Kg8 20. gxf7+ Kxf7 21. Nh4 Qd8 22. Nxf5 exf5 23. Bf4 Nf8 24. Qd2 Ne6 25. Bg3 Qg5 26. f4 Qd8 27. Bh4 Qa5 28. Qe3 Bd7 29. Qg3 Nf8 30. Rhg1 Be6 31. Kf2 Rh7 32. Rg2 Rc8 33. Rag1 Rc7 34. Ra1 Ke8 35. Rgg1 Kd7 36. Qe3 Kc8 37. Kf3 Nd7 38. Be1 Rc6 39. Bd2 Rb6 40. Bc1 Rb5 41. a4 Rb6 42. Kf2 Ra6 43. Qg3 Bf7 44. Qh3 Be6 45. Rg3 Qd8 46. Qg2 Qf8 47. Ba3 Qf7 48. Bd6 Nb6 49. a5 Nd7 50. Rg1 Rxa5 51. Rxg7 Rxg7 52. Qxg7 Qxg7 53. Rxg7 Ra2 54. Re7 b6 55. Rxe6 Rxc2 56. Re8+ Kb7 57. Rd8 Kc6 58. Rc8+ Kb5 59. Rc7 Rxc3 60. Rxd7 a5 61. e6 Kc6 62. Bb8 Rc2 63. Rc7+ Kb5 64. e7 1-0